000 01002nam a2200289Ia 4500
003 OSt
005 20220923211215.0
006 a|||||r|||| 00| 0
007 ta
008 220922b |||||||| |||| 00| 0 hin d
020 _a9788126320677
_c400
024 _a258,736
037 _b311, 30/06/2011, Vani Prakashan
_cTextual
040 _aARTS
_cARTS
_bhin
041 _2hin
_ahin
082 _aO152,6N11x, K0;Q0
100 _aअज्ञेय
_9159643
245 0 _aआत्मनेपद
246 _aĀthinepada
260 _aनयी दिल्ली
_b भारतीय ज्ञानपीठ
_c2010
300 _a194पृ.
_ccm.
490 _aलोकोदय ग्रन्थमाला; 109
650 _a हिन्दी साहित्य
_9156264
650 _aहिन्दी साहित्य
_9156264
942 _hO152,6N11x, K0;Q0
_cTEXL
_2CC
999 _c296875
_d296875